书目信息 |
| 题名: |
焊工工艺学
|
|
| 作者: | ;技工学校机械类通用教材编审委员会 编 | |
| 分册: | ||
| 出版信息: | 北京 机械工业出版社 1980 |
|
| 页数: | 448页 | |
| 开本: | 26cm | |
| 丛书名: | ||
| 单 册: | ||
| 中图分类: | TG40 | |
| 科图分类: | ||
| 主题词: | 焊接工艺--技工学校--教材 , 切割 , 金属--粘接 , 焊接 | |
| 电子资源: | ||
| ISBN: | ||
| 000 | 00855nam0 2200265 45 | |
| 001 | 0180006688 | |
| 005 | 20060112094730.18 | |
| 010 | @dCNY1.95 | |
| 091 | @a15033.4959 | |
| 100 | @a19960215d1980 em y0chiy0121 ea | |
| 101 | 0 | @achi |
| 102 | @aCN@b110000 | |
| 105 | @ay z 000yy | |
| 200 | 10 | @a焊工工艺学@Ahan gong gong yi xue@f技工学校机械类通用教材编审委员会编@Fji gong xue xiao ji xie lei tong yong jiao cai bian shen wei yuan hui bian |
| 210 | @a北京@c机械工业出版社@d1980 | |
| 215 | @a448页@d26cm | |
| 300 | @a技工学校机械类通用教材 | |
| 606 | @a焊接工艺@x技工学校@x教材 | |
| 606 | 0 | @a切割 |
| 606 | 0 | @a金属@x粘接 |
| 606 | 0 | @a焊接 |
| 690 | @aTG40 | |
| 711 | 02 | @a技工学校机械类通用教材编审委员会@Aji gong xue xiao ji xie lei tong yong jiao cai bian shen wei yuan hui@4编 |
| 801 | 0 | @aCN@bNLC@c20060112 |
| 905 | @f1@b50202@dTG40@e10 | |
| 焊工工艺学/技工学校机械类通用教材编审委员会编.-北京:机械工业出版社,1980 |
| 448页;26cm |
| 技工学校机械类通用教材 |
| ISBN :CNY1.95 |
| ● |
| 相关链接 |
|
|
|
|
正题名:焊工工艺学
索取号:TG40/10
 
预约/预借
| 序号 | 登录号 | 条形码 | 馆藏地/架位号 | 状态 | 备注 |
| 1 | 0050202 | 001362260 | 第二样本阅览室/ [索取号:TG40/10] | 在馆 | |
| 2 | 0050293 | 000701235 | 密集书库/ [索取号:TG40/10] | 在馆 |